Guide pour les manipulations de Chimie Biologique / (Record no. 32840)
[ view plain ]
| 000 -LEADER | |
|---|---|
| campo de control de longitud fija | 00528nam a2200169 i 4500 |
| 001 - NÚMERO DE CONTROL | |
| campo de control | 32840 |
| 003 - IDENTIFICADOR DE NÚMERO DE CONTROL | |
| campo de control | ES-MaACL |
| 005 - FECHA Y HORA DE LA ÚLTIMA TRANSACCIÓN | |
| campo de control | 20230906154638.0 |
| 007 - CAMPO FIJO DE DESCRIPCIÓN FÍSICA--INFORMACIÓN GENERAL | |
| campo de control de longitud fija | t| |
| 008 - DATOS DE LONGITUD FIJA--INFORMACIÓN GENERAL | |
| campo de control de longitud fija | 030131s1910 fr ||||1| fre d |
| 100 1# - ENTRADA PRINCIPAL--NOMBRE DE PERSONA | |
| Nombre de persona | Bertrand, Gabriel. |
| 9 (RLIN) | 28526 |
| 245 10 - MENCIÓN DEL TÍTULO | |
| Título | Guide pour les manipulations de Chimie Biologique / |
| Mención de responsabilidad, etc. | par Gabriel Bertrand et Pierre Thomas. |
| 260 ## - PUBLICACIÓN, DISTRIBUCIÓN, ETC. | |
| Lugar de publicación, distribución, etc. | París : |
| Nombre del editor, distribuidor, etc. | H. Dunod, |
| Fecha de publicación, distribución, etc. | 1910 ( |
| Lugar de fabricación/manufactura | Tours : |
| Fabricante | Deslis) |
| 300 ## - DESCRIPCIÓN FÍSICA | |
| Extensión | XXIV, 348 p. : |
| Otras características físicas | il. ; |
| Dimensiones | 19 cm. |
| 700 1# - ENTRADA AGREGADA--NOMBRE PERSONAL | |
| Nombre de persona | Thomas, Pierre. |
| 9 (RLIN) | 110042 |
| 852 ## - LOCALIZACIÓN | |
| Ubicación | ES-MaACL |
| Número de control de estantería | D-3504 |
| Estatus retirado | Estado de pérdida | Estado de daño | No para préstamo | Biblioteca de origen | Biblioteca actual | Ubicación en estantería | Fecha de adquisición | Fuente de adquisición | Total de préstamos | Signatura topográfica completa | Código de barras | Visto por última vez | Precio de reemplazo | Tipo de ítem Koha |
|---|---|---|---|---|---|---|---|---|---|---|---|---|---|---|
| Biblioteca del Ateneo de Madrid | Biblioteca del Ateneo de Madrid | Sala Valle Inclán | 17/01/2008 | D-3504 | 901034087 | 23/02/2023 | 23/02/2023 | Libro impreso |
